|
|
|
|
| LEADER |
01193nam a2200301 a 4500 |
| 001 |
3362 |
| 003 |
BD-DhAAL |
| 008 |
090910s19781972nyu b 000 0 eng d |
| 010 |
|
|
|a 86156071
|
| 020 |
|
|
|a 0826400477 (pbk.)
|
| 040 |
|
|
|a DLC
|c DLC
|d DLC
|d BD-DhAAL
|
| 082 |
0 |
0 |
|a 370.1
|2 23
|
| 100 |
1 |
|
|a Freire, Paulo,
|d 1921-1997.
|9 40461
|
| 240 |
1 |
0 |
|a Pedagogía del oprimido.
|l English
|
| 245 |
1 |
0 |
|a Pedagogy of the oppressed /
|c Paulo Freire ; translated by Myra Bergman Ramos.
|
| 260 |
|
|
|a New York :
|b Continuum,
|c 1972. [reprinted 198]
|
| 300 |
|
|
|a 186 pages ;
|c 21 cm.
|
| 500 |
|
|
|a Translation of: Pedagogía del oprimido.
|
| 504 |
|
|
|a Includes bibliographical references.
|
| 541 |
1 |
|
|e 00003362
|
| 600 |
1 |
0 |
|a Freire, Paulo,
|d 1921-1997.
|9 40461
|
| 650 |
|
0 |
|a Education
|x Philosophy.
|9 40462
|
| 650 |
|
0 |
|a Popular education
|x Philosophy.
|9 40463
|
| 650 |
|
0 |
|a Critical pedagogy.
|9 40464
|
| 852 |
4 |
|
|a Ayesha Abed Library
|j General Stacks
|
| 942 |
|
|
|2 ddc
|c BK
|
| 999 |
|
|
|c 4024
|d 4024
|
| 952 |
|
|
|0 0
|1 0
|2 ddc
|4 0
|6 370_100000000000000_FRE_1972
|7 0
|9 3707
|a BRACUL
|b BRACUL
|c GEN
|d 2009-10-03
|g 0.00
|l 6
|m 11
|o 370.1 FRE
|p 3010003362
|r 2020-02-13
|s 2020-02-02
|t 1
|w 2009-10-03
|y BK
|x No price found in the accession register.
|